Acteurs du film Le Grand Bain par images - Statistiques

Statistiques générales
  • Ce quiz a été pris 105 fois
  • Le résultat moyen est 8 sur 10
Statistiques - réponses
Par images Hint Réponse % Correct
Laurent Guillaume Canet
99%
Delphine Virginie Efira
96%
le Réalisateur Gilles Lellouche
94%
Thierry Philippe Katerine
89%
Marcus Benoît Poelvoorde
88%
Amanda Leïla Bekhti
80%
Claire Marina Foïs
80%
Basile Alban Ivanov
78%
Bertrand Mathieu Amalric
46%
Simon Jean-Hugues Anglade
31%
Aucun quiz correspondant
Distribution des résultats
% des personnes avec chaque résultat
Percentile par nombre de réponses
Votre historique - résultats
Vous n’avez pas pris ce quiz